00226nam a2200097Ia 4500008004100000041000800041100001900049245002500068260001800093365001700111240703s9999 xx 000 0 und d aeng aLizabeth Cohen aA Consumers Republic bVintagec2004 cb 1,639.18